| 000 -LEADER |
| fixed length control field |
01174cam a2200313 i 4500 |
| 003 - CONTROL NUMBER IDENTIFIER |
| control field |
OSt |
| 005 - DATE AND TIME OF LATEST TRANSACTION |
| control field |
20240801162818.0 |
| 008 - FIXED-LENGTH DATA ELEMENTS--GENERAL INFORMATION |
| fixed length control field |
210720t20202020nyua 001 0 eng d |
| 020 ## - INTERNATIONAL STANDARD BOOK NUMBER |
| International Standard Book Number |
9781465494238 |
| Qualifying information |
(paperback) |
| 042 ## - AUTHENTICATION CODE |
| Authentication code |
lccopycat |
| 050 00 - LIBRARY OF CONGRESS CALL NUMBER |
| Classification number |
TR267 |
| Item number |
.A5298 2020 |
| 082 04 - DEWEY DECIMAL CLASSIFICATION NUMBER |
| Classification number |
770 |
| Edition number |
23 |
| 100 1# - MAIN ENTRY--PERSONAL NAME |
| Personal name |
Ang, Tom, |
| Relator term |
author. |
| 245 10 - TITLE STATEMENT |
| Title |
Digital photographer's handbook / |
| Statement of responsibility, etc |
Tom Ang. |
| 250 ## - EDITION STATEMENT |
| Edition statement |
7th edition |
| 300 ## - PHYSICAL DESCRIPTION |
| Extent |
408 pages : |
| Other physical details |
color illustrations ; |
| Dimensions |
23 cm |
| 500 ## - GENERAL NOTE |
| General note |
Includes index. |
| 505 0# - FORMATTED CONTENTS NOTE |
| Formatted contents note |
Core skills -- Photography projects -- Image development -- Showing and sharing -- Buying guide -- Going further. |
| 520 ## - SUMMARY, ETC. |
| Summary, etc |
This manual outlines key photography techniques and includes a series of projects designed to develop and refine skills. |
| 650 #0 - SUBJECT ADDED ENTRY--TOPICAL TERM |
| Topical term or geographic name as entry element |
Photography |
| General subdivision |
Digital techniques. |
| 650 #0 - SUBJECT ADDED ENTRY--TOPICAL TERM |
| Topical term or geographic name as entry element |
Digital cameras. |
| 650 #7 - SUBJECT ADDED ENTRY--TOPICAL TERM |
| Topical term or geographic name as entry element |
PHOTOGRAPHY / Individual Photographers. |
| Source of heading or term |
bisacsh |
| 650 #7 - SUBJECT ADDED ENTRY--TOPICAL TERM |
| Topical term or geographic name as entry element |
PHOTOGRAPHY / Techniques / Digital. |
| Source of heading or term |
bisacsh |
| 650 #7 - SUBJECT ADDED ENTRY--TOPICAL TERM |
| Topical term or geographic name as entry element |
Digital cameras. |
| Source of heading or term |
fast |
| 650 #7 - SUBJECT ADDED ENTRY--TOPICAL TERM |
| Topical term or geographic name as entry element |
Photography |
| General subdivision |
Digital techniques. |
| Source of heading or term |
fast |
| 655 #7 - INDEX TERM--GENRE/FORM |
| Genre/form data or focus term |
Handbooks and manuals. |
| Source of term |
fast |
| 655 #7 - INDEX TERM--GENRE/FORM |
| Genre/form data or focus term |
Handbooks and manuals. |
| Source of term |
lcgft |
| 942 ## - ADDED ENTRY ELEMENTS (KOHA) |
| Source of classification or shelving scheme |
|